Gaming Quiz

Random Gaming or Mario Quiz
Score 0/43 Timer 10:00
0 Plays Today
Character % Correct
Mario
100%
Luigi
100%
Peach
100%
Daisy
100%
Yoshi
100%
Toad
100%
Koopa Troopa
100%
Toadette
100%
Baby Mario
100%
Baby Luigi
100%
Baby Peach
100%
Baby Daisy
100%
Metal Mario
100%
Pink Gold Peach
100%
Wario
100%
Waluigi
100%
Donkey Kong
100%
Bowser
100%
Bowser Jr.
100%
Dry Bowser
100%
Lemmy Koopa
100%
Wendy Koopa
100%
Character % Correct
Ludwig Koopa
100%
Roy Koopa
100%
Morton
100%
Link
100%
Villager (Male)
100%
Villager (Female)
100%
Rosalina
95%
Baby Rosalina
95%
Dry Bones
95%
Larry Koopa
95%
Inkling Girl
95%
Inkling Boy
95%
Isabelle
95%
Lakitu
90%
Iggy Koopa
90%
Mii
90%
Shy Guy
85%
Tanooki Mario
80%
King Boo
80%
Gold Mario
80%
Cat Peach
75%

You're not logged in!

Compare scores with friends on all Sporcle quizzes.
OR
Log In

Sporcle TV

Today on Sporcle TV


Watch our educational content, quiz creation guides, and fun videos on Sporcle TV.

Show Comments

Extras

Top Quizzes Today


Score Distribution

Paid Content

Your Account Isn't Verified!

In order to create a playlist on Sporcle, you need to verify the email address you used during registration. Go to your Sporcle Settings to finish the process.

Report this User

Report this user for behavior that violates our Community Guidelines.

Details: